Phân tích kênh phân phối sản phẩm muối tại huyện Duyên Hải tỉnh Trà Vinh : Luận văn Thạc sĩ Kinh tế. Chuyên ngành Kinh tế nông nghiệp

Phân tích thực trạng sản xuất và tiêu thụ sản phẩm muối, kênh phân phối, giá trị gia tăng và phân phối giá trị gia tăng giữa các tác nhân trong kênh phân phối sản phẩm muối tại huyện Duyên Hải tỉnh Trà Vinh....

全面介绍

Đã lưu trong:
书目详细资料
主要作者: Trần, Quốc Cường
格式: 图书
语言:Undetermined
出版: Cần Thơ Trường Đại học Cần Thơ 2017
主题:
标签: 添加标签
没有标签, 成为第一个标记此记录!
Thư viện lưu trữ: Trung tâm Học liệu Trường Đại học Cần Thơ
LEADER 01106nam a2200205Ia 4500
001 CTU_224228
008 210402s9999 xx 000 0 und d
082 |a 658.87 
082 |b C561 
088 |a 60620115 
100 |a Trần, Quốc Cường 
245 0 |a Phân tích kênh phân phối sản phẩm muối tại huyện Duyên Hải tỉnh Trà Vinh : 
245 0 |b Luận văn Thạc sĩ Kinh tế. Chuyên ngành Kinh tế nông nghiệp 
245 0 |c Trần Quốc Cường ; Mai Văn Nam (Cán bộ hướng dẫn) 
260 |a Cần Thơ 
260 |b Trường Đại học Cần Thơ 
260 |c 2017 
520 |a Phân tích thực trạng sản xuất và tiêu thụ sản phẩm muối, kênh phân phối, giá trị gia tăng và phân phối giá trị gia tăng giữa các tác nhân trong kênh phân phối sản phẩm muối tại huyện Duyên Hải tỉnh Trà Vinh. 
650 |a Buôn bán,Wholesale trade 
980 |a Trung tâm Học liệu Trường Đại học Cần Thơ